| 000 | 00351 a2200145 4500 | ||
|---|---|---|---|
| 001 | 65440 | ||
| 082 | _a004NOR | ||
| 090 |
_c38349 _d38349 |
||
| 100 | _aNorton, Peter | ||
| 245 | _aIntroduction to Computers, 4 Ed | ||
| 250 | _a4 | ||
| 260 |
_aSingapore _bMcGraw Hill Singapore _c2001 |
||
| 300 | _axxx, 610 | ||
| 500 | _aBE textbooks H & S Deptt | ||
| 942 |
_aNUST-CAE _cTXT _k004NOR |
||
| 999 |
_c300513 _d300513 |
||